000 00774nam a2200265 i 4500
001 C2-0332577
003 PPAK
005 20180728132743.0
008 150806s2015 my a|||| ||||| | may d
020 _a9789673921966
040 _aPPAK
_beng
_cPPAK
_erda
082 0 4 _a781.62
_223
090 0 0 _a781.62
_bNAD
_dK
100 0 _aNada Haifaa,
_eauthor
245 1 0 _aLagu mitos dan lagenda
264 1 _aSeri Kembangan, Selangor :
_bPustaka Kelisa ,
_c2015
300 _a62 pages :
_billustrations ;
_c26 cm
336 _2rdacontent
_atext
337 _2rdamedia
_aunmediated
338 _2rdacarrier
_avolume
490 1 _aLestari pelbagai irama
650 1 0 _aSongs - Juvenile literature. ; Folk songs, Malay.
830 0 _aLestari pelbagai irama
942 _ddc
_cB
999 _c131216
_d131216